000 01567nam a2200409 i 4500
001 25592
003 KOSZ 005
005 20191004142539.0
008 181117s1967 pl a f 000 0 pol d
040 _aKOSZ 005
_cKOSZ 005/RW
041 1 _apol
_heng
046 _k1971
080 _a681.322
080 _a65.012
245 0 0 _aBadanie, analiza i projektowanie systemów elektronicznego przetwarzania danych /
_c[przekład Henryk Adamczewski].
246 1 _iTytuł oryginału:
_aSystems investigation, analysis and design for data processing
260 _aPoznań :
_bZakład Elektronicznej Techniki Obliczeniowej,
_c1971.
300 _aXIII, [1], 66, [3] stron :
_bilustracje ;
_c24 cm.
336 _aTekst
_btxt
_2rdacontent
337 _aBez urządzenia pośredniczącego
_bn
_2rdamedia
338 _aWolumin
_bnc
_2rdacarrier
380 _aKsiążki
380 _aPublikacje fachowe
388 _a1901-2000
490 1 _aTechniki komputerowego zarządzania ;
_vt. 2
658 _aInformatyka i technologie informacyjne
650 4 _aBadania naukowe
650 4 _aProjektowanie
650 4 _aSystemy informacyjne
650 4 _aPrzetwarzanie danych
655 4 _aPoradnik
700 1 _aAdamczewski, Henryk.
_eTłumaczenie
710 2 _aZakład Elektronicznej Techniki Obliczeniowej (Poznań).
_4pbl.
830 0 _aTechniki komputerowego zarządzania
_vt. 2
856 _uhttp://koha.tu.koszalin.pl/cgi-bin/koha/opac-detail.pl?biblionumber=25592
_yKatalog online BPK
942 _2UKD
_cKS
999 _c25592
_d25592